000 00559nam a2200133Ia 4500
008 220620s9999||||xx |||||||||||||| ||und||
020 _a9789630000000
100 _aDunajeva, Jekatyerina
245 0 _aConstructing Identities over Time
_b“Bad Gypsies” and “Good Roma” in Russia and Hungary
546 _aEnglish[eng]
650 _aHistory||Social History||History||Russia & The Former Soviet Union||History||Eastern Europe
856 _uhttps://library.oapen.org/bitstream/handle/20.500.12657/52222/SID-0000003629211.pdf
942 _cEB
999 _c24499
_d24499